Premiers ministres de la France par date. - Statistiques

Statistiques générales
  • Ce quiz a été pris 40 fois
  • Le résultat moyen est 18 sur 29
Statistiques - réponses
Hint Réponse % Correct
1968-1969 Maurice Couve de Murville
73%
1993-1995 Edouard Balladur
69%
2007-2012 François Fillon
69%
1981-1984 Pierre Mauroy
69%
2017-2020 Edouard Philippe
65%
1986-1988 Jacques Chirac
65%
1984-1986 Laurent Fabius
65%
2014-2016 Manuel Valls
65%
1959-1962 Michel Debré
65%
1972-1974 Pierre Messmer
65%
1976-1981 Raymond Barre
65%
2016-2017 Bernard Cazeneuve
62%
1962-1968 Georges Pompidou
62%
1969-1972 Jacques Chaban-Delmas
62%
2012-2014 Jean-Marc Ayrault
62%
1995-1997 Alain Juppé
58%
2005-2007 Dominique de Villepin
58%
1991-1992 Edith Cresson
58%
2022-2024 Elisabeth Borne
58%
1974-1976 Jacques Chirac
58%
2020-2022 Jean Castex
58%
1997-2002 Lionel Jospin
58%
2024-(09/12) Michel Barnier
58%
1988-1991 Michel Rocard
58%
2024-(01/09) Gabriel Attal
54%
1992-1993 Pierre Bérégovoy
54%
2025- Sébastien Lecornu
54%
2024-2025 François Bayrou
50%
2002-2005 Jean-Pierre Raffarin
50%
Aucun quiz correspondant
Distribution des résultats
% des personnes avec chaque résultat
Percentile par nombre de réponses
Votre historique - résultats
Vous n’avez pas pris ce quiz